00513 a2200157 4500003000500000005001700005040000900022082001100031245008900042505003000131650002100161651003100182655002000213999001900233952010300252Nust20170207154601.0 cNust a025.34 aBeginners english stage 1 language review : Units : 1-3, side 1: units: 4-5, side 2  aAlmirah No.73 shelf No.6  aEnglish learning aBeginners english stage 1  aLanguage review c198613d198613 00102ddc40708NFICaMCSbMCSd2016-12-12l0o025.34 BEGpMCSCst-30r2016-12-08w2016-12-12yBK